[Event "Aimchess Play In op"]
[Site "Chess.com INT"]
[Date "2023.06.12"]
[Round "1"]
[White "Agrest, Evgenij"]
[Black "Rasulov, Vugar Ural Oglu"]
[Result "0-1"]
[WhiteElo "2553"]
[BlackElo "2526"]
[PlyCount "146"]
[EventDate "2023.06.12"]
[EventType "swiss (rapid)"]
[EventRounds "9"]
[EventCountry "USA"]
[SourceTitle "CBM 214 Extra"]
[Source "ChessBase"]
[SourceDate "2023.07.31"]
[SourceVersion "1"]
[SourceVersionDate "2023.07.31"]
[SourceQuality "1"]

1. d4 Nf6 2. Nf3 e6 3. Bf4 d5 4. e3 Bd6 5. Ne5 0-0 6. c3 Nc6 7. Nd2 Nd7 8. Bd3 Bxe5 9. dxe5 Ndxe5 10. Bxe5 Nxe5 11. Bxh7+ Kxh7 12. Qh5+ Kg8 13. Qxe5 f6 14. Qg3 e5 15. f4 d4 16. exd4 exd4 17. 0-0-0 dxc3 18. Qxc3 Qe7 19. Rde1 Qf7 20. Qb3 Bf5 21. Re7 Qxb3 22. Nxb3 Rf7 23. Rhe1 Kf8 24. Rxf7+ Kxf7 25. Nd4 Bd7 26. Re3 c5 27. Nb3 b6 28. Nd2 Rh8 29. h3 Rh4 30. Rf3 Bc6 31. Rf2 Ke6 32. Nf1 Bd5 33. a3 Kd6 34. Ne3 Be4 35. Kd2 Kc6 36. Nd1 Rh8 37. Nc3 Rd8+ 38. Ke3 Bd3 39. f5 c4 40. Rf4 b5 41. g4 a5 42. h4 b4 43. axb4 axb4 44. Na2 Re8+ 45. Kd4 Kb5 46. Nc1 Bc2 47. Rf2 b3 48. Ne2 Rd8+ 49. Ke3 Kc5 50. Nf4 Kb4 51. Rd2 Re8+ 52. Kf2 Re4 53. Nd5+ Kc5 54. Kf3 Rd4 55. Rxd4 Kxd4 56. Nc3 Kd3 57. g5 Kd2 58. gxf6 gxf6 59. Kf4 Kc1 60. Na4 Bd1 61. Ke3 Bg4 62. Ke4 Kc2 63. Kf4 Bh5 64. Ke3 Be8 65. Nb6 c3 66. bxc3 Bb5 67. c4 b2 68. cxb5 b1Q 69. Nd5 Qxb5 70. Nf4 Qe5+ 71. Kf3 Qxf5 72. h5 Kd2 73. h6 Qh7 0-1

[Event "Aimchess Play In op"]
[Site "Chess.com INT"]
[Date "2023.06.12"]
[Round "4"]
[White "Gharibyan, Mamikon"]
[Black "Agrest, Evgenij"]
[Result "1-0"]
[WhiteElo "2500"]
[BlackElo "2553"]
[PlyCount "75"]
[EventDate "2023.06.12"]
[EventType "swiss (rapid)"]
[EventRounds "9"]
[EventCountry "USA"]
[SourceTitle "CBM 214 Extra"]
[Source "ChessBase"]
[SourceDate "2023.07.31"]
[SourceVersion "1"]
[SourceVersionDate "2023.07.31"]
[SourceQuality "1"]

1. d4 d5 2. c4 c6 3. Nf3 Nf6 4. Qc2 dxc4 5. e4 b5 6. b3 cxb3 7. axb3 e6 8. Bd3 a5 9. 0-0 Bb7 10. Nc3 Na6 11. Qe2 Nb4 12. Bb1 Be7 13. Rd1 0-0 14. e5 Nd7 15. Qe4 g6 16. h4 Qc8 17. Qg4 c5 18. Nxb5 f5 19. exf6 Nxf6 20. Qh3 Bd5 21. Bh6 Re8 22. Ne5 Bf8 23. Bg5 Ne4 24. Bxe4 Bxe4 25. Ng4 Qb7 26. Nf6+ Kg7 27. dxc5 Qxb5 28. Nxe4 Nd5 29. Rac1 h6 30. Bd2 Kh7 31. h5 g5 32. Qf3 Bg7 33. Nd6 Qc6 34. Nxe8 Rxe8 35. Bxa5 Kh8 36. Bc3 Bxc3 37. Rxc3 Rf8 38. Qxf8+ 1-0

[Event "Kuressaare Saaremaa Rapid 4th"]
[Site "Kuressaare"]
[Date "2023.06.04"]
[Round "9"]
[White "Keinanen, Toivo"]
[Black "Agrest, Evgenij"]
[Result "0-1"]
[WhiteElo "2504"]
[BlackElo "2553"]
[PlyCount "86"]
[EventDate "2023.06.03"]
[EventType "swiss (rapid)"]
[EventRounds "11"]
[EventCountry "EST"]
[SourceTitle "CBM 214 Extra"]
[Source "ChessBase"]
[SourceDate "2023.07.31"]
[SourceVersion "1"]
[SourceVersionDate "2023.07.31"]
[SourceQuality "1"]

1. d4 d5 2. Nf3 Nf6 3. e3 c6 4. c4 a6 5. Nbd2 Bg4 6. h3 Bh5 7. g4 Bg6 8. Ne5 Nfd7 9. Nxg6 hxg6 10. Bg2 e6 11. e4 dxc4 12. Nxc4 Nb6 13. Nxb6 Qxb6 14. 0-0 Bd6 15. Be3 Qd8 16. Qb3 Qc7 17. Rac1 Nd7 18. d5 exd5 19. exd5 c5 20. Qc3 0-0 21. b4 b6 22. bxc5 bxc5 23. Bd4 f6 24. Rfe1 Qb6 25. Be3 g5 26. Be4 Ra7 27. Bf5 Ne5 28. Kg2 Rc7 29. Be6+ Kh8 30. Qc2 Re8 31. Rh1 Rxe6 32. Rb1 Qa7 33. dxe6 Qa8+ 34. Kg1 Nf3+ 35. Kf1 Nd4 36. Bxd4 cxd4 37. Qg6 Qxh1+ 38. Ke2 Qa8 39. h4 Re7 40. hxg5 Rxe6+ 41. Kd2 Bf4+ 42. Kc2 Qc6+ 43. Kb2 Qc3# 0-1

[Event "Kuressaare Saaremaa Rapid 4th"]
[Site "Kuressaare"]
[Date "2023.06.04"]
[Round "11"]
[White "Krasenkow, Michal"]
[Black "Agrest, Evgenij"]
[Result "1/2-1/2"]
[WhiteElo "2520"]
[BlackElo "2553"]
[PlyCount "76"]
[EventDate "2023.06.03"]
[EventType "swiss (rapid)"]
[EventRounds "11"]
[EventCountry "EST"]
[SourceTitle "CBM 214 Extra"]
[Source "ChessBase"]
[SourceDate "2023.07.31"]
[SourceVersion "1"]
[SourceVersionDate "2023.07.31"]
[SourceQuality "1"]

1. d4 d5 2. c4 c6 3. Nc3 Nf6 4. e3 e6 5. Nf3 a6 6. c5 Nbd7 7. b4 g6 8. Bd3 Bg7 9. 0-0 0-0 10. Na4 Ne4 11. Bb2 f5 12. Ne5 Nef6 13. f4 Rb8 14. h3 Ne4 15. Qe1 g5 16. g4 Nxe5 17. dxe5 Bd7 18. Bxe4 fxe4 19. Bd4 Qe7 20. Qg3 Rf7 21. f5 Qe8 22. f6 Bf8 23. h4 h6 24. hxg5 hxg5 25. Kg2 Rh7 26. Rh1 Qg6 27. Rxh7 Kxh7 28. Rh1+ Bh6 29. Nb6 Be8 30. a4 Rd8 31. Qf2 Qf7 32. Kg3 Qg6 33. Qf1 Kg8 34. Rh2 Kh7 35. Kg2 Kg8 36. Rh3 Kh7 37. Rxh6+ Qxh6 38. f7 Qf8 1/2-1/2

[Event "Chessable Masters Play In"]
[Site "Chess.com INT"]
[Date "2023.03.13"]
[Round "6"]
[White "Agrest, Evgenij"]
[Black "Sasikiran, Krishnan"]
[Result "1-0"]
[WhiteElo "2559"]
[BlackElo "2604"]
[PlyCount "89"]
[EventDate "2023.03.13"]
[EventType "swiss (rapid)"]
[EventRounds "9"]
[EventCountry "USA"]
[SourceTitle "CBM 213 Extra"]
[Source "ChessBase"]
[SourceDate "2023.05.31"]
[SourceVersion "1"]
[SourceVersionDate "2023.05.31"]
[SourceQuality "1"]

1. Nf3 d5 2. e3 Nf6 3. c4 c6 4. Qc2 g6 5. b3 Bg7 6. Bb2 0-0 7. Be2 Bf5 8. d3 Nbd7 9. 0-0 Bg4 10. Nbd2 Re8 11. h3 Bxf3 12. Bxf3 e6 13. Rad1 a5 14. e4 dxe4 15. dxe4 Qc7 16. Rfe1 e5 17. c5 Bf8 18. Ba3 Re6 19. Bg4 Nxg4 20. hxg4 h6 21. Nf3 Kg7 22. Re3 Nf6 23. g5 hxg5 24. Nxg5 Ree8 25. Red3 Rad8 26. Qc3 Rxd3 27. Rxd3 Rd8 28. g3 Rxd3 29. Qxd3 Qd7 30. Qc3 Ng4 31. Kg2 f6 32. Nf3 b6 33. cxb6 Bxa3 34. Qxa5 Bd6 35. Qa7 Qe7 36. b7 Kf7 37. b8Q Bxb8 38. Qxb8 Kg7 39. Qc8 f5 40. exf5 e4 41. Nd4 e3 42. Qxc6 Ne5 43. f6+ Qxf6 44. Qxf6+ Kxf6 45. fxe3 1-0

[Event "Bundesliga 2122"]
[Site "Germany"]
[Date "2022.07.09"]
[Round "13.5"]
[White "Agrest, Evgenij"]
[Black "Coenen, Norbert"]
[Result "1-0"]
[WhiteElo "2568"]
[BlackElo "2270"]
[PlyCount "57"]
[EventDate "2022.03.05"]
[EventType "team-tourn"]
[EventRounds "15"]
[EventCountry "GER"]
[SourceTitle "CBM 209 Extra"]
[Source "ChessBase"]
[SourceDate "2022.09.30"]
[SourceVersion "1"]
[SourceVersionDate "2022.09.30"]
[SourceQuality "1"]
[WhiteTeam "Duesseldorf"]
[BlackTeam "Aachen"]
[WhiteTeamCountry "GER"]
[BlackTeamCountry "GER"]

1. Nf3 d5 2. b3 Bg4 3. e3 Nf6 4. Bb2 Nbd7 5. h3 Bh5 6. d3 e6 7. Nbd2 a5 8. a3 c6 9. Qe2 Qc7 10. g4 Bg6 11. Nh4 a4 12. b4 c5 13. bxc5 Qxc5 14. Rc1 Rc8 15. c4 Qb6 16. Rb1 Qa5 17. Nxg6 hxg6 18. Bg2 dxc4 19. dxc4 Nc5 20. 0-0 Qc7 21. Rfd1 Be7 22. g5 Nh7 23. Bxg7 Rg8 24. Bd4 Nxg5 25. Bxc5 Bxc5 26. h4 Nh7 27. Rxb7 Qe5 28. Ne4 Be7 29. Rdd7 1-0

[Event "Catalunya-chT Final"]
[Site "Barcelona"]
[Date "2022.03.26"]
[Round "1.2"]
[White "Agrest, Evgenij"]
[Black "Ayats Llobera, Gerard"]
[Result "1-0"]
[WhiteElo "2568"]
[BlackElo "2438"]
[PlyCount "87"]
[EventDate "2022.03.26"]
[EventType "team-k.o."]
[EventRounds "2"]
[EventCountry "ESP"]
[SourceTitle "CBM 208 Extra"]
[Source "ChessBase"]
[SourceDate "2022.07.31"]
[SourceVersion "1"]
[SourceVersionDate "2022.07.31"]
[SourceQuality "1"]
[WhiteTeam "Colon Sabadell"]
[BlackTeam "Barcelona Escacs CC"]
[WhiteTeamCountry "ESP"]
[BlackTeamCountry "ESP"]

1. Nf3 Nf6 2. b3 d5 3. Bb2 c5 4. e3 a6 5. c4 Nc6 6. cxd5 Nxd5 7. Nc3 Nxc3 8. Bxc3 Bf5 9. Be2 Nb4 10. Bxb4 cxb4 11. 0-0 e6 12. d4 Rc8 13. Ne1 Rc3 14. Bd3 Qd5 15. Qe2 Bxd3 16. Nxd3 Bd6 17. Nb2 b5 18. Rfd1 Qe4 19. Rd2 0-0 20. Nd1 Rc7 21. f3 Qd5 22. e4 Qh5 23. g3 Rd8 24. Nf2 Rcd7 25. Rad1 h6 26. Kg2 Bc7 27. d5 exd5 28. Rxd5 Rxd5 29. exd5 Qe5 30. Qxe5 Bxe5 31. Ne4 a5 32. f4 Bc3 33. d6 f5 34. Nc5 Kf7 35. h4 g6 36. Rd5 a4 37. h5 axb3 38. axb3 gxh5 39. Rxf5+ Kg6 40. Rd5 Bf6 41. d7 Rb8 42. Ne6 Bd8 43. Nxd8 Rxd8 44. Kh3 1-0

[Event "Titled Tuesday intern op 15 Mar Early"]
[Site "Chess.com INT"]
[Date "2022.03.15"]
[Round "8"]
[White "Agrest, Evgenij"]
[Black "Mitusov, Semen"]
[Result "1-0"]
[WhiteElo "2568"]
[BlackElo "2274"]
[PlyCount "71"]
[EventDate "2022.03.15"]
[EventType "swiss (blitz)"]
[EventRounds "11"]
[EventCountry "USA"]
[SourceTitle "CBM 207 Extra"]
[Source "ChessBase"]
[SourceDate "2022.05.31"]
[SourceVersion "1"]
[SourceVersionDate "2022.05.31"]
[SourceQuality "1"]

1. Nf3 d5 2. e3 Nf6 3. c4 e6 4. b3 Bd6 5. Bb2 0-0 6. Nc3 a6 7. g4 Nc6 8. g5 Ne4 9. cxd5 Nxc3 10. dxc3 Ne5 11. Nxe5 Bxe5 12. f4 Bd6 13. Bg2 exd5 14. Qxd5 Re8 15. Kf2 Qe7 16. Rhe1 Bc5 17. c4 Bxe3+ 18. Kf1 Bg4 19. Qe5 Qxe5 20. Bxe5 Bb6 21. Bxb7 Rad8 22. Bc6 Rd2 23. Bg2 Bf5 24. Red1 Rf2+ 25. Kg1 f6 26. Bd4 Bxd4 27. Rxd4 Ree2 28. Bd5+ Kf8 29. Rad1 Rxh2 30. Bf3 Ref2 31. Bc6 fxg5 32. fxg5 h5 33. Re1 h4 34. Rd8+ Kf7 35. Be8+ Kf8 36. Bh5# 1-0

[Event "Titled Tuesday intern op 15 Mar Early"]
[Site "Chess.com INT"]
[Date "2022.03.15"]
[Round "6"]
[White "Agrest, Evgenij"]
[Black "Samadov, Read"]
[Result "0-1"]
[WhiteElo "2568"]
[BlackElo "2375"]
[PlyCount "72"]
[EventDate "2022.03.15"]
[EventType "swiss (blitz)"]
[EventRounds "11"]
[EventCountry "USA"]
[SourceTitle "CBM 207 Extra"]
[Source "ChessBase"]
[SourceDate "2022.05.31"]
[SourceVersion "1"]
[SourceVersionDate "2022.05.31"]
[SourceQuality "1"]

1. d4 Nf6 2. Nc3 d5 3. Bf4 c5 4. e3 a6 5. Nf3 cxd4 6. exd4 Nc6 7. Ne5 Bd7 8. Be2 e6 9. 0-0 Bb4 10. a3 Ba5 11. Bf3 0-0 12. Ne2 Bc7 13. Bg3 Nxe5 14. dxe5 Ne4 15. Bxe4 dxe4 16. Nc3 Bc6 17. Qe2 Qg5 18. Nxe4 Qg6 19. Nd6 h5 20. h4 Rad8 21. Qd3 f5 22. f4 Bxd6 23. exd6 Be4 24. Qe3 Rxd6 25. Rf2 Rfd8 26. Kh2 Kh7 27. Re1 Qg4 28. Qc3 Rd1 29. Rxd1 Rxd1 30. Qe5 Rc1 31. Qxe6 Qd1 32. Kh3 Qh1+ 33. Bh2 Rf1 34. Rd2 Rf3+ 35. gxf3 Qxf3+ 36. Bg3 Qf1+ 0-1

[Event "Titled Tuesday intern op 15 Mar Early"]
[Site "Chess.com INT"]
[Date "2022.03.15"]
[Round "2"]
[White "Agrest, Evgenij"]
[Black "Winkels, Marcel"]
[Result "1-0"]
[WhiteElo "2568"]
[BlackElo "1974"]
[PlyCount "129"]
[EventDate "2022.03.15"]
[EventType "swiss (blitz)"]
[EventRounds "11"]
[EventCountry "USA"]
[SourceTitle "CBM 207 Extra"]
[Source "ChessBase"]
[SourceDate "2022.05.31"]
[SourceVersion "1"]
[SourceVersionDate "2022.05.31"]
[SourceQuality "1"]

1. Nf3 Nf6 2. c4 c5 3. Nc3 e6 4. g3 d5 5. cxd5 exd5 6. d4 cxd4 7. Nxd4 Nc6 8. Bg2 Bc5 9. Nb3 Bb6 10. Nxd5 Nxd5 11. Qxd5 Qxd5 12. Bxd5 Bh3 13. Be3 Bxe3 14. Bxc6+ bxc6 15. fxe3 0-0 16. Kf2 a5 17. Rhc1 a4 18. Nd4 Rab8 19. Rc2 Bd7 20. Rd1 Rfc8 21. a3 c5 22. Nf3 Be6 23. Rdc1 Rb5 24. Nd4 Ra5 25. Rc3 h6 26. Nxe6 fxe6 27. R1c2 Kf7 28. e4 Kf6 29. Ke3 Ke5 30. Rc4 Rc7 31. Kd3 Kd6 32. Ke3 Rb7 33. Rd2+ Ke5 34. Rdc2 Rb3+ 35. Kd2 Kd6 36. e5+ Kc6 37. Rg4 g5 38. h4 Rab5 39. Kc1 gxh4 40. gxh4 Kd5 41. Rxa4 Kxe5 42. Rac4 Kd5 43. R4c3 Rxc3 44. Rxc3 c4 45. Rg3 Rb8 46. Rg6 h5 47. Rg5+ e5 48. Rxh5 Rg8 49. Rh7 Rg1+ 50. Kd2 Rb1 51. Kc3 Rc1+ 52. Kd2 Rb1 53. Kc2 Re1 54. Rd7+ Kc5 55. Kd2 Rh1 56. Rh7 Rb1 57. Rc7+ Kd5 58. Rb7 Rh1 59. Kc3 Rh3+ 60. Kc2 Rxh4 61. Rb5+ Kd4 62. a4 Rh8 63. a5 Ra8 64. Kd2 e4 65. e3# 1-0

[Event "Online Olym Div Top-B"]
[Site "Chess.com INT"]
[Date "2021.09.09"]
[Round "5.4"]
[White "Agrest, Evgenij"]
[Black "Markoja, Boris"]
[Result "0-1"]
[WhiteElo "2568"]
[BlackElo "2453"]
[PlyCount "68"]
[EventDate "2021.09.08"]
[EventType "team (rapid)"]
[EventRounds "9"]
[EventCountry "USA"]
[SourceTitle "CBM 204 Extra"]
[Source "ChessBase"]
[SourceDate "2021.11.30"]
[SourceVersion "1"]
[SourceVersionDate "2021.11.30"]
[SourceQuality "1"]
[WhiteTeam "Sweden"]
[BlackTeam "Slovenia"]
[WhiteTeamCountry "SWE"]
[BlackTeamCountry "SLO"]

1. d4 Nf6 2. Bf4 b6 3. Nc3 e6 4. e4 Bb4 5. f3 d5 6. Bg5 h6 7. Bxf6 Qxf6 8. Nge2 dxe4 9. fxe4 Bb7 10. Qd3 Qh4+ 11. Ng3 Nc6 12. 0-0-0 0-0-0 13. Nce2 Be7 14. Qc3 Bg5+ 15. Kb1 Bf6 16. a3 Rd7 17. Qe3 Nxd4 18. Nxd4 c5 19. c3 cxd4 20. cxd4 Rhd8 21. d5 exd5 22. Bb5 Rc7 23. Rc1 Rxc1+ 24. Rxc1+ Kb8 25. Qe2 Qxh2 26. Qf3 Be5 27. Ne2 dxe4 28. Qxf7 Qxg2 29. Rg1 Qf3 30. Qe7 Qf6 31. Qxf6 Bxf6 32. Nf4 Rd2 33. b4 e3 34. Re1 Be4+ 0-1

[Event "Online Olym Div2 C"]
[Site "Chess.com INT"]
[Date "2021.09.04"]
[Round "9.2"]
[White "Agrest, Evgenij"]
[Black "Martins, David Pires Tavares"]
[Result "1-0"]
[WhiteElo "2568"]
[BlackElo "2398"]
[PlyCount "193"]
[EventDate "2021.09.02"]
[EventType "team (rapid)"]
[EventRounds "9"]
[EventCountry "USA"]
[SourceTitle "CBM 204 Extra"]
[Source "ChessBase"]
[SourceDate "2021.11.30"]
[SourceVersion "1"]
[SourceVersionDate "2021.11.30"]
[SourceQuality "1"]
[WhiteTeam "Sweden"]
[BlackTeam "Portugal"]
[WhiteTeamCountry "SWE"]
[BlackTeamCountry "POR"]

1. Nf3 e6 2. c4 Nf6 3. b3 Be7 4. Bb2 0-0 5. e3 b6 6. Rg1 d6 7. g4 e5 8. g5 Ne4 9. h4 Re8 10. Bg2 Bb7 11. b4 d5 12. Nxe5 Bxb4 13. f4 Nc6 14. Nxf7 Kxf7 15. Qh5+ Kg8 16. g6 hxg6 17. Qxg6 Qxh4+ 18. Kd1 Qh7 19. Qxh7+ Kxh7 20. cxd5 Na5 21. Bxe4+ Rxe4 22. Rxg7+ Kh6 23. Rg5 Ree8 24. Bg7+ Kh7 25. f5 Bxd5 26. f6 Rad8 27. Kc1 Bf7 28. Rg4 Nc4 29. a3 Ba5 30. Kc2 Bxd2 31. Rxc4 Bxc4 32. Nxd2 Bd3+ 33. Kb2 Rxe3 34. Rg1 Bg6 35. Rh1+ Bh5 36. Rxh5+ Kg6 37. Rh2 Rde8 38. Rf2 Re2 39. f7 Rxd2+ 40. Rxd2 Kxf7 41. Bh6 Ke6 42. Bf4 Rc8 43. Kb3 a6 44. Kc4 Ke7 45. Re2+ Kd7 46. Kd5 Rf8 47. Be5 Rf3 48. Bb2 Rd3+ 49. Kc4 Rd1 50. Rh2 Kc6 51. Rh7 Rd7 52. Rh6+ Kb7 53. Bd4 Rf7 54. Rh3 Re7 55. Bf6 Re6 56. Bg5 Re4+ 57. Kd5 Ra4 58. Bf6 b5 59. Be7 Rc4 60. Bc5 Rc1 61. Rh7 Rd1+ 62. Bd4 Rc1 63. Rf7 Rc2 64. Rf1 Rd2 65. Rc1 Rd3 66. Ra1 a5 67. Kc5 Ka6 68. Be5 Rd7 69. Rh1 Re7 70. Rh6+ Kb7 71. Bd4 b4 72. a4 Rf7 73. Kb5 Rf5+ 74. Bc5 Rg5 75. Rh1 Rf5 76. Rc1 b3 77. Rb1 Rf3 78. Kxa5 Kc6 79. Ba7 Kd5 80. Kb4 Kc6 81. Bd4 Kb7 82. Bc3 Ka6 83. Kxb3 Rf4 84. Re1 c6 85. Re6 Kb7 86. Bd2 Rg4 87. Be3 Rh4 88. Re7+ Kb8 89. Bb6 Rh1 90. a5 Rd1 91. Kc4 Kc8 92. a6 Rc1+ 93. Kd3 Rd1+ 94. Kc2 Ra1 95. a7 c5 96. Rc7+ Kd8 97. Rb7+ 1-0

[Event "Malmo Torso"]
[Site "Malmo"]
[Date "2021.08.22"]
[Round "11"]
[White "Agrest, Evgenij"]
[Black "Brynell, Stellan"]
[Result "1-0"]
[WhiteElo "2568"]
[BlackElo "2422"]
[PlyCount "55"]
[EventDate "2021.08.21"]
[EventType "tourn (rapid)"]
[EventRounds "18"]
[EventCountry "SWE"]
[EventCategory "11"]
[SourceTitle "CBM 203 Extra"]
[Source "ChessBase"]
[SourceDate "2021.09.30"]
[SourceVersion "1"]
[SourceVersionDate "2021.09.30"]
[SourceQuality "1"]

1. Nf3 d5 2. e3 g6 3. c4 c6 4. b4 Bg7 5. d4 Nf6 6. Be2 0-0 7. 0-0 Bg4 8. Nbd2 Nbd7 9. Bb2 a5 10. b5 cxb5 11. cxb5 a4 12. Ba3 Re8 13. Rc1 Bf5 14. Nh4 Be6 15. f4 Nb6 16. f5 Bd7 17. g4 Ne4 18. Ng2 Nxd2 19. Qxd2 Nc4 20. Bxc4 dxc4 21. Rb1 e6 22. f6 Bh6 23. Qf2 g5 24. Qf3 Bf8 25. Bxf8 Rxf8 26. Qh3 Kh8 27. Qh5 Qe8 28. Rf3 1-0

[Event "Malmo Torso"]
[Site "Malmo"]
[Date "2021.08.22"]
[Round "18"]
[White "Agrest, Evgenij"]
[Black "Pantzar, Milton"]
[Result "1/2-1/2"]
[WhiteElo "2568"]
[BlackElo "2424"]
[PlyCount "36"]
[EventDate "2021.08.21"]
[EventType "tourn (rapid)"]
[EventRounds "18"]
[EventCountry "SWE"]
[EventCategory "11"]
[SourceTitle "CBM 203 Extra"]
[Source "ChessBase"]
[SourceDate "2021.09.30"]
[SourceVersion "1"]
[SourceVersionDate "2021.09.30"]
[SourceQuality "1"]

1. Nf3 d5 2. e3 Nf6 3. c4 e6 4. b3 b6 5. Bb2 Bb7 6. Nc3 Nbd7 7. cxd5 exd5 8. Rc1 a6 9. Bd3 Bd6 10. Ne2 0-0 11. Bb1 Re8 12. 0-0 Rc8 13. Bf5 Ra8 14. Qc2 Qe7 15. Ng3 g6 16. Bh3 c5 17. d4 cxd4 18. Nxd4 Nc5 1/2-1/2

[Event "Malmo Torso"]
[Site "Malmo"]
[Date "2021.08.22"]
[Round "13"]
[White "Grandelius, Nils"]
[Black "Agrest, Evgenij"]
[Result "1/2-1/2"]
[WhiteElo "2666"]
[BlackElo "2568"]
[PlyCount "35"]
[EventDate "2021.08.21"]
[EventType "tourn (rapid)"]
[EventRounds "18"]
[EventCountry "SWE"]
[EventCategory "11"]
[SourceTitle "CBM 203 Extra"]
[Source "ChessBase"]
[SourceDate "2021.09.30"]
[SourceVersion "1"]
[SourceVersionDate "2021.09.30"]
[SourceQuality "1"]

1. c4 c6 2. Nc3 d5 3. d4 Nf6 4. e3 e6 5. Nf3 a6 6. b3 Bb4 7. Bd2 Bd6 8. Bd3 c5 9. cxd5 exd5 10. dxc5 Bxc5 11. 0-0 0-0 12. Ne2 Nc6 13. Qc2 Qe7 14. Ned4 Nb4 15. Bxb4 Bxb4 16. Nf5 Bxf5 17. Bxf5 g6 18. Bh3 1/2-1/2

[Event "Malmo Torso"]
[Site "Malmo"]
[Date "2021.08.21"]
[Round "8"]
[White "Agrest, Evgenij"]
[Black "Blomqvist, Erik"]
[Result "1-0"]
[WhiteElo "2568"]
[BlackElo "2537"]
[PlyCount "165"]
[EventDate "2021.08.21"]
[EventType "tourn (rapid)"]
[EventRounds "18"]
[EventCountry "SWE"]
[EventCategory "11"]
[SourceTitle "CBM 203 Extra"]
[Source "ChessBase"]
[SourceDate "2021.09.30"]
[SourceVersion "1"]
[SourceVersionDate "2021.09.30"]
[SourceQuality "1"]

1. Nf3 Nf6 2. c4 e6 3. b3 c5 4. Bb2 Be7 5. e3 0-0 6. Nc3 b6 7. Be2 Bb7 8. 0-0 d5 9. d4 Nbd7 10. Rc1 Rc8 11. Rc2 cxd4 12. Nxd4 dxc4 13. Bxc4 Ne5 14. Be2 Qd7 15. Qa1 Rfd8 16. Rd1 Qe8 17. Bb5 Qf8 18. Bf1 a6 19. Rcc1 h6 20. Nb1 Ned7 21. Nd2 b5 22. a4 bxa4 23. bxa4 Rxc1 24. Rxc1 Rc8 25. Rb1 Ne4 26. Nxe4 Bxe4 27. Rd1 Nc5 28. Ba3 a5 29. Bb5 Bd5 30. f3 Nb3 31. Bxe7 Qxe7 32. Qb2 Qb4 33. Ne2 Bc4 34. Qc2 g6 35. h4 e5 36. h5 Be6 37. Qb2 Qc5 38. Kf2 g5 39. Rd3 Qb4 40. Qxe5 Nc5 41. Rd4 Qa3 42. f4 Nb3 43. Rd3 Qc5 44. Qf6 gxf4 45. Nxf4 Qc2+ 46. Kg3 Nc5 47. Rd8+ Rxd8 48. Qxd8+ Kg7 49. Qd4+ Kg8 50. Be2 Qf5 51. Kh2 Qg5 52. Nxe6 Nxe6 53. Qe4 Nc5 54. Qd4 Ne6 55. Qg4 Qxg4 56. Bxg4 Nc5 57. Bd1 Kg7 58. Kg3 Kf6 59. Kf4 Nd3+ 60. Kf3 Ke5 61. Bb3 f6 62. Bc4 Nc5 63. Bb5 Ne4 64. Be8 Nd6 65. Bd7 Kd5 66. Kf4 Kc5 67. g3 Kd5 68. Bg4 Kc5 69. Bd1 Kc4 70. e4 Kd4 71. Bf3 Kd3 72. e5 fxe5+ 73. Kxe5 Nf7+ 74. Kf4 Kd4 75. Bc6 Ng5 76. Kf5 Nf7 77. Kf6 Ne5 78. Bg2 Ng4+ 79. Kg6 Ke3 80. Bh3 Ne5+ 81. Kxh6 Kf3 82. Kg7 Kxg3 83. h6 1-0

[Event "Malmo Torso"]
[Site "Malmo"]
[Date "2021.08.21"]
[Round "9"]
[White "Pantzar, Milton"]
[Black "Agrest, Evgenij"]
[Result "0-1"]
[WhiteElo "2424"]
[BlackElo "2568"]
[PlyCount "74"]
[EventDate "2021.08.21"]
[EventType "tourn (rapid)"]
[EventRounds "18"]
[EventCountry "SWE"]
[EventCategory "11"]
[SourceTitle "CBM 203 Extra"]
[Source "ChessBase"]
[SourceDate "2021.09.30"]
[SourceVersion "1"]
[SourceVersionDate "2021.09.30"]
[SourceQuality "1"]

1. d4 d5 2. c4 c6 3. Nf3 Nf6 4. g3 Bg4 5. Ne5 Bf5 6. Nc3 e6 7. Qb3 Qb6 8. c5 Qc7 9. Bf4 Qc8 10. Bg2 Be7 11. 0-0 0-0 12. f3 h6 13. e4 Bh7 14. exd5 cxd5 15. Rac1 Nh5 16. Be3 f6 17. Nxd5 Bd8 18. Ng4 f5 19. Ne5 exd5 20. Qxd5+ Kh8 21. Nf7+ Rxf7 22. Qxf7 Nf6 23. Qf8+ Bg8 24. Bf4 Qd7 25. Rfe1 Nc6 26. Rcd1 Ne7 27. Bxh6 Ng6 28. Bxg7+ Kh7 29. Qxf6 Bxf6 30. Bxf6 Bd5 31. h4 Rf8 32. Bg5 Rf7 33. Rd3 Nf8 34. Bf4 Qb5 35. Rd2 Ne6 36. Be5 Qa5 37. Rde2 Qxa2 0-1

[Event "EU-Cup Online Gr-F"]
[Site "Tornelo INT"]
[Date "2021.03.27"]
[Round "1.1"]
[White "Agrest, Evgenij"]
[Black "Yilmazyerli, Mert"]
[Result "0-1"]
[WhiteElo "2568"]
[BlackElo "2413"]
[PlyCount "52"]
[EventDate "2021.03.27"]
[EventType "team-tourn (rapid)"]
[EventRounds "9"]
[EventCountry "NET"]
[SourceTitle "CBM 201 Extra"]
[Source "ChessBase"]
[SourceDate "2021.05.31"]
[SourceVersion "1"]
[SourceVersionDate "2021.05.31"]
[SourceQuality "1"]
[WhiteTeam "Svetlana"]
[BlackTeam "Apaydin"]
[WhiteTeamCountry "BLR"]
[BlackTeamCountry "TUR"]

1. d4 Nf6 2. Nc3 d5 3. Bf4 a6 4. e3 e6 5. g4 c5 6. Bg2 Nc6 7. g5 Nd7 8. Nf3 Be7 9. h4 0-0 10. a3 b5 11. h5 Bb7 12. Bh3 cxd4 13. exd4 e5 14. dxe5 d4 15. Ne4 Ncxe5 16. Nxe5 Nxe5 17. Bxe5 Bxe4 18. Rg1 Re8 19. Qxd4 Bxc2 20. Kd2 Ba4 21. g6 Bg5+ 22. Rxg5 Qxg5+ 23. f4 Qxh5 24. gxh7+ Qxh7 25. Rg1 Rxe5 26. Qxe5 Rd8+ 0-1

[Event "EU-Cup Online Gr-F"]
[Site "Tornelo INT"]
[Date "2021.03.27"]
[Round "2.3"]
[White "Stolyarsky, Yegor"]
[Black "Agrest, Evgenij"]
[Result "0-1"]
[WhiteElo "2063"]
[BlackElo "2568"]
[PlyCount "74"]
[EventDate "2021.03.27"]
[EventType "team-tourn (rapid)"]
[EventRounds "9"]
[EventCountry "NET"]
[SourceTitle "CBM 201 Extra"]
[Source "ChessBase"]
[SourceDate "2021.05.31"]
[SourceVersion "1"]
[SourceVersionDate "2021.05.31"]
[SourceQuality "1"]
[WhiteTeam "Tsafrir Rehovot"]
[BlackTeam "Svetlana"]
[WhiteTeamCountry "ISR"]
[BlackTeamCountry "BLR"]

1. d4 d6 2. Nf3 g6 3. g3 Bg7 4. Bg2 c5 5. c4 Nd7 6. Nc3 Ngf6 7. 0-0 0-0 8. b3 a6 9. Bb2 Rb8 10. a4 b6 11. e4 cxd4 12. Nxd4 Bb7 13. Re1 Nc5 14. b4 e5 15. Nc2 Ne6 16. Qe2 Nd7 17. Rad1 Nd4 18. Nxd4 exd4 19. Nd5 a5 20. Bxd4 Bxd5 21. Bxg7 Kxg7 22. Rxd5 Qc7 23. Red1 Ne5 24. c5 bxc5 25. bxc5 dxc5 26. f4 Nc6 27. Qc4 Nb4 28. Rd7 Qc8 29. Bh3 Qc6 30. e5 Qf3 31. Be6 Qe3+ 32. Kg2 Nc6 33. Bxf7 Kh6 34. Qe6 Rb2+ 35. Kh3 Qe2 36. Bxg6 hxg6 37. f5 Qh5# 0-1